Dinero, banca y crédito en Europa Oriental

Gespeichert in:
Bibliographische Detailangaben
1. Verfasser: Garvy, George (VerfasserIn)
Format: Buch
Sprache:Spanisch
Veröffentlicht: Ciudad de México Centro de Estudios Monetarios Latinoamericanos 1968
Schriftenreihe:Conferencias
Schlagworte:
Tags: Tag hinzufügen
Keine Tags, Fügen Sie den ersten Tag hinzu!

MARC

LEADER 00000nam a2200000 a 4500
001 UCT8032
003 CL-VaPUC
008 970317e19680000MX |||||||||||||||||spa|d
082 0 4 |a 332.494  |b GAR  |2 21 
100 |a Garvy, George  |e author  |9 414334 
245 1 0 |a Dinero, banca y crédito en Europa Oriental 
300 |a 246 p 
942 |c BK 
945 |d 19970317 00:00:00  |a paguirre 
260 |a Ciudad de México  |b Centro de Estudios Monetarios Latinoamericanos  |c 1968 
650 0 |a Mercado financiero  |9 334172 
650 0 |a Bancos  |9 254963 
650 0 |a Dinero  |9 314331 
650 7 |a SISTEMAS MONETARIOS  |2 CL-VaPUC  |9 342366 
650 0 |a Crédito  |9 256211 
651 0 |a Europa  |9 255156 
583 |a last modification  |c 19970317 00:00:00  |k Rodrigo Vera 
490 0 |a Conferencias 
999 |c 256568  |d 256566 
952 |0 0  |1 0  |4 0  |6 332_494000000000000_GAR_1968  |7 0  |8 P  |9 279362  |a BIBDER  |b BIBDER  |d 2019-11-19  |i 1812009  |o 332.494 GAR 1968  |p 1812009  |r 2023-01-25  |w 2019-11-19  |y BK  |k DER